[Event "Hong Kong Blitz op"]
[Site "Hong Kong"]
[Date "2024.12.29"]
[Round "9"]
[White "Laohawirapap, Prin"]
[Black "Nanjo, Ryosuke"]
[Result "1-0"]
[WhiteElo "2195"]
[BlackElo "2283"]
[PlyCount "43"]
[EventDate "2024.12.29"]
[EventType "swiss (blitz)"]
[EventRounds "9"]
[EventCountry "HKG"]
[SourceTitle "CB01_2025"]
[SourceDate "2025.01.01"]
[SourceVersion "1"]
[SourceVersionDate "2025.01.01"]
[SourceQuality "1"]

1. e4 e5 2. Nf3 Nc6 3. Bc4 Bc5 4. c3 Nf6 5. d3 0-0 6. Bg5 h6 7. Bh4 Be7 8. Nbd2 d6 9. a4 a5 10. 0-0 g5 11. Bg3 Bg4 12. Re1 Kg7 13. Nf1 Qd7 14. Ne3 Be6 15. h4 Nh5 16. Bxe6 fxe6 17. Nxe5 dxe5 18. Qxh5 Qxd3 19. Ng4 Rh8 20. Nxe5 Nxe5 21. Bxe5+ Bf6 22. Rad1 1-0

[Event "Hong Kong Blitz op"]
[Site "Hong Kong"]
[Date "2024.12.29"]
[Round "5"]
[White "Nanjo, Ryosuke"]
[Black "Kwong, Wing Ki"]
[Result "1-0"]
[WhiteElo "2283"]
[BlackElo "1891"]
[PlyCount "91"]
[EventDate "2024.12.29"]
[EventType "swiss (blitz)"]
[EventRounds "9"]
[EventCountry "HKG"]
[SourceTitle "CB01_2025"]
[SourceDate "2025.01.01"]
[SourceVersion "1"]
[SourceVersionDate "2025.01.01"]
[SourceQuality "1"]

1. e4 c5 2. Nf3 d6 3. Bb5+ Bd7 4. Bxd7+ Qxd7 5. c4 Nf6 6. Nc3 Nc6 7. 0-0 e6 8. d4 cxd4 9. Nxd4 Be7 10. Be3 0-0 11. Qe2 a6 12. Rfd1 Rac8 13. Rac1 Rfd8 14. f4 Nxd4 15. Bxd4 Qc6 16. b3 Nd7 17. f5 Bf6 18. fxe6 fxe6 19. Kh1 Ne5 20. Rf1 Rf8 21. Rcd1 Rcd8 22. Rf4 Ng6 23. Rf3 Bxd4 24. Rxd4 Ne5 25. Rxf8+ Rxf8 26. h3 b5 27. Qd2 Rf1+ 28. Kh2 Qc5 29. cxb5 axb5 30. b4 Qb6 31. Rxd6 Nf3+ 32. Kg3 Nxd2 33. Rxb6 Re1 34. Nxb5 Nxe4+ 35. Kh2 Kf7 36. a4 Rb1 37. Nd4 Nc3 38. a5 Nd5 39. Rb7+ Kf6 40. Nc6 Ra1 41. b5 e5 42. a6 e4 43. a7 e3 44. Nd4 Ke5 45. Nf3+ Kf6 46. b6 1-0

[Event "Hong Kong op"]
[Site "Hong Kong"]
[Date "2024.12.29"]
[Round "4"]
[White "Nanjo, Ryosuke"]
[Black "Shen, Fuyan"]
[Result "0-1"]
[WhiteElo "2361"]
[BlackElo "1980"]
[PlyCount "76"]
[EventDate "2024.12.27"]
[EventType "swiss"]
[EventRounds "9"]
[EventCountry "HKG"]
[SourceTitle "CB02_2025"]
[SourceDate "2025.01.08"]
[SourceVersion "1"]
[SourceVersionDate "2025.01.08"]
[SourceQuality "1"]

1. e4 c5 2. Nf3 e6 3. c3 Nf6 4. e5 Nd5 5. d4 cxd4 6. cxd4 d6 7. Bc4 Be7 8. 0-0 0-0 9. Qe2 dxe5 10. dxe5 Bd7 11. Rd1 Bc6 12. Nd4 Bc5 13. Qg4 Qc7 14. Nf3 Ne7 15. Bd3 Bxf3 16. Qxf3 Nbc6 17. Bf4 Bd4 18. Qe4 Ng6 19. Nd2 f5 20. exf6 Qxf4 21. Qxe6+ Kh8 22. fxg7+ Kxg7 23. Nf3 Rae8 24. Qb3 Bb6 25. Bb5 Re7 26. Bxc6 bxc6 27. Rac1 Ne5 28. Qc3 Rf6 29. Nxe5 Bxf2+ 30. Kh1 Qxe5 31. Qb3 c5 32. Rf1 Bd4 33. Rxf6 Qxf6 34. Qd1 Qh4 35. b3 Bc3 36. g3 Qe4+ 37. Kg1 Bd4+ 38. Kf1 Qh1# 0-1

[Event "Hong Kong op"]
[Site "Hong Kong"]
[Date "2024.12.27"]
[Round "1"]
[White "Zhou, Yuxu"]
[Black "Nanjo, Ryosuke"]
[Result "0-1"]
[WhiteElo "1962"]
[BlackElo "2361"]
[PlyCount "100"]
[EventDate "2024.12.27"]
[EventType "swiss"]
[EventRounds "9"]
[EventCountry "HKG"]
[SourceTitle "CB02_2025"]
[SourceDate "2025.01.08"]
[SourceVersion "1"]
[SourceVersionDate "2025.01.08"]
[SourceQuality "1"]

1. d4 Nf6 2. c4 e6 3. Nf3 d5 4. Nc3 Bb4 5. cxd5 exd5 6. Bf4 Ne4 7. Rc1 Nd7 8. Qb3 Bxc3+ 9. bxc3 Nb6 10. e3 g5 11. Bg3 h5 12. h4 Nxg3 13. fxg3 gxh4 14. gxh4 Qe7 15. c4 dxc4 16. Bxc4 Nxc4 17. Rxc4 c6 18. Rc2 Be6 19. Qc3 0-0-0 20. Qc5 Qxc5 21. Rxc5 Bxa2 22. Ra5 Bd5 23. Rxa7 Kb8 24. Ra1 Rhg8 25. Kf2 Rg4 26. Rhg1 Rd6 27. Ne5 Rxh4 28. Rh1 Rxh1 29. Rxh1 Rf6+ 30. Ke2 Rf5 31. Rh2 f6 32. Nd3 Bc4 33. Kd2 Bxd3 34. Kxd3 Rg5 35. g3 Kc7 36. Rf2 f5 37. Rf3 Kd6 38. e4 fxe4+ 39. Kxe4 Rg4+ 40. Kd3 b5 41. Kc3 Kc7 42. Re3 Kb6 43. Rf3 Ka5 44. Re3 Ka4 45. Rf3 b4+ 46. Kc4 b3 47. Rf8 Ka3 48. Rf3 Ka2 49. Rf5 Rxg3 50. Rxh5 b2 0-1

[Event "Olympiad-45"]
[Site "Budapest"]
[Date "2024.09.20"]
[Round "9.2"]
[White "Saif, Malek"]
[Black "Nanjo, Ryosuke"]
[Result "1/2-1/2"]
[WhiteElo "2162"]
[BlackElo "2372"]
[PlyCount "77"]
[EventDate "2024.09.11"]
[EventType "team-swiss"]
[EventRounds "11"]
[EventCountry "HUN"]
[SourceTitle "EXT 2025"]
[Source "ChessBase"]
[SourceDate "2024.10.14"]
[SourceVersion "1"]
[SourceVersionDate "2024.10.14"]
[SourceQuality "1"]
[WhiteTeam "Jordan"]
[BlackTeam "Japan"]
[WhiteTeamCountry "JOR"]
[BlackTeamCountry "JPN"]

1. e4 e5 2. Nf3 Nc6 3. d4 exd4 4. Bc4 Bc5 5. c3 Nf6 6. e5 d5 7. Bb5 Ne4 8. cxd4 Bb6 9. Nc3 0-0 10. 0-0 Bg4 11. Bxc6 bxc6 12. Re1 f6 13. Nxe4 dxe4 14. Rxe4 Bxf3 15. gxf3 fxe5 16. Qb3+ Kh8 17. dxe5 Rb8 18. Kg2 Bxf2 19. Qc3 Qd5 20. Bf4 Bc5 21. b3 Be7 22. Rc1 c5 23. Qc4 Qd8 24. Be3 Rb4 25. Qc2 Qd5 26. Rf1 Rxe4 27. Qxe4 Qxe4 28. fxe4 Rxf1 29. Kxf1 g5 30. Ke2 Kg7 31. Kd3 Kf7 32. Kc4 c6 33. a4 Ke6 34. a5 a6 35. Bxc5 Bd8 36. Bb6 Be7 37. Bc5 Bd8 38. Bb6 Be7 39. Bc5 1/2-1/2

[Event "Olympiad-45"]
[Site "Budapest"]
[Date "2024.09.18"]
[Round "7.2"]
[White "Nanjo, Ryosuke"]
[Black "Ahmed, Hassan"]
[Result "1-0"]
[WhiteElo "2372"]
[BlackElo "2234"]
[PlyCount "129"]
[EventDate "2024.09.11"]
[EventType "team-swiss"]
[EventRounds "11"]
[EventCountry "HUN"]
[SourceTitle "EXT 2025"]
[Source "ChessBase"]
[SourceDate "2024.10.14"]
[SourceVersion "1"]
[SourceVersionDate "2024.10.14"]
[SourceQuality "1"]
[WhiteTeam "Japan"]
[BlackTeam "Sudan"]
[WhiteTeamCountry "JPN"]
[BlackTeamCountry "SUD"]

1. e4 c5 2. Nf3 e6 3. Nc3 Nc6 4. d4 cxd4 5. Nxd4 Nf6 6. Ndb5 Bb4 7. a3 Bxc3+ 8. Nxc3 d5 9. exd5 exd5 10. Bd3 0-0 11. 0-0 Bg4 12. Ne2 Re8 13. Re1 Qb6 14. Rb1 Rad8 15. Bg5 Ne5 16. Qd2 Nxd3 17. Qxd3 Bxe2 18. Rxe2 Rxe2 19. Qxe2 h6 20. Bxf6 Qxf6 21. Qb5 Qc6 22. Qxc6 bxc6 23. Re1 Rb8 24. b3 Kf8 25. Kf1 Rb7 26. Re3 Re7 27. Ke2 Re6 28. Kd3 Ke7 29. c4 Kd6 30. cxd5 Rxe3+ 31. fxe3 Kxd5 32. e4+ Ke5 33. b4 f6 34. Ke3 h5 35. g3 g6 36. h3 f5 37. exf5 Kxf5 38. Kf3 Kg5 39. Ke4 h4 40. g4 Kf6 41. Kf4 g5+ 42. Ke4 Ke6 43. a4 Kf6 44. Kd4 Ke6 45. Kc5 Kd7 46. b5 cxb5 47. Kxb5 Kc7 48. Kc5 Kb7 49. Kd5 Kb6 50. Ke5 Ka5 51. Kf5 Kxa4 52. Kxg5 Kb4 53. Kf4 a5 54. Ke3 Kc5 55. Kd3 Kd5 56. Kc3 Ke5 57. Kb3 Kf4 58. Ka4 Kg3 59. g5 Kxh3 60. g6 Kh2 61. g7 h3 62. g8Q Kh1 63. Qg3 h2 64. Kb5 a4 65. Qf2 1-0

[Event "Titled Tuesday intern op 17th Sep Early"]
[Site "Chess,com INT"]
[Date "2024.09.17"]
[Round "11"]
[White "Nanjo, Ryosuke"]
[Black "Lagno, Kateryna"]
[Result "0-1"]
[WhiteElo "2372"]
[BlackElo "2527"]
[PlyCount "86"]
[EventDate "2024.09.17"]
[EventType "swiss (blitz)"]
[EventRounds "11"]
[EventCountry "USA"]
[SourceTitle "EXT 2025"]
[Source "ChessBase"]
[SourceDate "2024.10.14"]
[SourceVersion "1"]
[SourceVersionDate "2024.10.14"]
[SourceQuality "1"]

1. Nf3 Nf6 2. c4 e6 3. Nc3 d5 4. e3 Be7 5. b3 c5 6. cxd5 Nxd5 7. Nxd5 exd5 8. d4 Nc6 9. Be2 cxd4 10. Nxd4 Nxd4 11. exd4 0-0 12. 0-0 Bf5 13. Bf4 Qd7 14. Rc1 Rac8 15. Qd2 h6 16. Qa5 a6 17. Rfe1 Rxc1 18. Rxc1 Rc8 19. Rxc8+ Qxc8 20. Qc7 Qxc7 21. Bxc7 Bb1 22. a4 Bc2 23. a5 Bxb3 24. Bg4 Ba4 25. Bc8 Bc6 26. f3 Bb4 27. Kf2 Kf8 28. Ke3 Ke7 29. h4 Bd6 30. Bb6 Bg3 31. h5 Ke8 32. f4 Bh4 33. g4 Bd8 34. Bxd8 Kxd8 35. Bf5 Bd7 36. Bc2 Bxg4 37. Bb3 Bxh5 38. Bxd5 Kc7 39. f5 b6 40. Bc4 bxa5 41. Bxa6 Kd6 42. Bb5 Bd1 43. Be8 Bb3 0-1

[Event "Titled Tuesday intern op 17th Sep Early"]
[Site "Chess,com INT"]
[Date "2024.09.17"]
[Round "3"]
[White "Nanjo, Ryosuke"]
[Black "Lewandowski, Rafal"]
[Result "1-0"]
[WhiteElo "2372"]
[BlackElo "2106"]
[PlyCount "55"]
[EventDate "2024.09.17"]
[EventType "swiss (blitz)"]
[EventRounds "11"]
[EventCountry "USA"]
[SourceTitle "EXT 2025"]
[Source "ChessBase"]
[SourceDate "2024.10.14"]
[SourceVersion "1"]
[SourceVersionDate "2024.10.14"]
[SourceQuality "1"]

1. Nf3 d5 2. e3 e6 3. b3 c5 4. Bb2 Nc6 5. Bb5 Nge7 6. Ne5 a6 7. Qh5 g6 8. Qf3 f5 9. Nxc6 bxc6 10. Bxc6+ Nxc6 11. Bxh8 e5 12. c4 Be6 13. Nc3 e4 14. Qh3 Ra7 15. cxd5 Bxd5 16. Nxd5 Qxd5 17. 0-0 Nb4 18. Bc3 Nd3 19. f3 exf3 20. Rxf3 Bd6 21. e4 fxe4 22. Qc8+ Ke7 23. Qf8+ Kd7 24. Rf7+ Kc6 25. Qe8+ Kb6 26. Qd8+ Rc7 27. Rxc7 Bxc7 28. Qxd5 1-0

[Event "Olympiad-45"]
[Site "Budapest"]
[Date "2024.09.16"]
[Round "6.24"]
[White "Quesada Perez, Luis Ernesto"]
[Black "Nanjo, Ryosuke"]
[Result "1-0"]
[WhiteElo "2578"]
[BlackElo "2372"]
[PlyCount "81"]
[EventDate "2024.09.11"]
[EventType "team-swiss"]
[EventRounds "11"]
[EventCountry "HUN"]
[SourceTitle "EXT 2025"]
[Source "ChessBase"]
[SourceDate "2024.10.14"]
[SourceVersion "1"]
[SourceVersionDate "2024.10.14"]
[SourceQuality "1"]
[WhiteTeam "Cuba"]
[BlackTeam "Japan"]
[WhiteTeamCountry "CUB"]
[BlackTeamCountry "JPN"]

1. Nf3 Nf6 2. c4 c5 3. g3 Nc6 4. Bg2 d5 5. cxd5 Nxd5 6. Nc3 Nc7 7. d3 e5 8. 0-0 Be7 9. Nd2 Bd7 10. Nc4 f6 11. f4 b5 12. Ne3 0-0 13. fxe5 Nxe5 14. Nf5 Rc8 15. Nxe7+ Qxe7 16. Bf4 Rfd8 17. Qe1 b4 18. Ne4 Nb5 19. h3 Nd4 20. Qf2 Bb5 21. Be3 Nxd3 22. exd3 Bxd3 23. Bxd4 Rxd4 24. Nd2 Bxf1 25. Bxf1 Qd6 26. Nc4 Qd5 27. b3 Re8 28. Rc1 h5 29. h4 Qe6 30. Nd2 Qe3 31. Rc2 g5 32. Nf3 Rg4 33. Kg2 gxh4 34. Nxh4 Qe4+ 35. Kh2 Re5 36. Rd2 Reg5 37. Bc4+ Kg7 38. Rd7+ Kh6 39. Qxf6+ Rg6 40. Nf5+ Qxf5 41. Qxf5 1-0

[Event "Olympiad-45"]
[Site "Budapest"]
[Date "2024.09.12"]
[Round "2.26"]
[White "Subelj, Jan"]
[Black "Nanjo, Ryosuke"]
[Result "1-0"]
[WhiteElo "2498"]
[BlackElo "2372"]
[PlyCount "63"]
[EventDate "2024.09.11"]
[EventType "team-swiss"]
[EventRounds "11"]
[EventCountry "HUN"]
[SourceTitle "EXT 2025"]
[Source "ChessBase"]
[SourceDate "2024.10.14"]
[SourceVersion "1"]
[SourceVersionDate "2024.10.14"]
[SourceQuality "1"]
[WhiteTeam "Slovenia"]
[BlackTeam "Japan"]
[WhiteTeamCountry "SLO"]
[BlackTeamCountry "JPN"]

1. e4 c5 2. Nf3 d6 3. d4 cxd4 4. Nxd4 Nf6 5. Nc3 a6 6. Bg5 e6 7. f4 h6 8. Bh4 Qb6 9. a3 Be7 10. Bf2 Qc7 11. Qf3 b5 12. g4 g6 13. f5 gxf5 14. gxf5 e5 15. Nb3 Bb7 16. a4 b4 17. Nd5 Nxd5 18. exd5 Nd7 19. 0-0-0 Rc8 20. Qe2 Nf6 21. Bg2 Qd7 22. Kb1 Qxa4 23. Nc5 dxc5 24. d6 Bxg2 25. Qxe5 Qd7 26. Rhe1 Be4 27. Rxe4 Nxe4 28. Qxh8+ Bf8 29. Qe5+ Kd8 30. Bh4+ Ng5 31. Bxg5+ hxg5 32. Qf6+ 1-0

[Event "Titled Tuesday intern op 05th Mar Early"]
[Site "Chess.com INT"]
[Date "2024.03.05"]
[Round "10"]
[White "Nanjo, Ryosuke"]
[Black "Kolmagorov, Alexey"]
[Result "1-0"]
[WhiteElo "2346"]
[BlackElo "2125"]
[PlyCount "31"]
[EventDate "2024.03.05"]
[EventType "swiss (blitz)"]
[EventRounds "11"]
[EventCountry "USA"]
[SourceTitle "EXT 2025"]
[Source "ChessBase"]
[SourceDate "2024.10.14"]
[SourceVersion "1"]
[SourceVersionDate "2024.10.14"]
[SourceQuality "1"]

1. b4 Nf6 2. Bb2 g6 3. Bxf6 exf6 4. c4 Bxb4 5. g3 0-0 6. Bg2 c6 7. Nh3 d5 8. cxd5 cxd5 9. 0-0 Bxh3 10. Bxh3 Nc6 11. d4 f5 12. e3 Rc8 13. Qb3 Qa5 14. Bg2 Ne7 15. a3 Rc7 16. Qxb4 1-0

[Event "Titled Tuesday intern op 05th Mar Early"]
[Site "Chess.com INT"]
[Date "2024.03.05"]
[Round "7"]
[White "Nanjo, Ryosuke"]
[Black "Krivenko, Dion"]
[Result "1-0"]
[WhiteElo "2346"]
[BlackElo "2258"]
[PlyCount "67"]
[EventDate "2024.03.05"]
[EventType "swiss (blitz)"]
[EventRounds "11"]
[EventCountry "USA"]
[SourceTitle "EXT 2025"]
[Source "ChessBase"]
[SourceDate "2024.10.14"]
[SourceVersion "1"]
[SourceVersionDate "2024.10.14"]
[SourceQuality "1"]

1. e4 e6 2. d4 d5 3. e5 b6 4. c3 Ba6 5. Bxa6 Nxa6 6. Qa4+ Qd7 7. Qxa6 f6 8. Nf3 Ne7 9. a4 Nc6 10. 0-0 Be7 11. Re1 0-0 12. Qe2 Rae8 13. b3 Na5 14. Nbd2 c5 15. Ba3 cxd4 16. Bxe7 Qxe7 17. Nxd4 f5 18. Nb5 Rc8 19. Rac1 Nb7 20. Nxa7 Ra8 21. Nb5 Nc5 22. Rb1 g5 23. Nf3 g4 24. Nfd4 Ne4 25. Nd6 Ng5 26. f4 gxf3 27. gxf3 Kh8 28. Kh1 Rg8 29. Rg1 Nh3 30. Rg3 Qh4 31. Qg2 Rxg3 32. Qxg3 Nf2+ 33. Kg2 Rg8 34. Nf7# 1-0

[Event "Online Olym Div3 A"]
[Site "Chess.com INT"]
[Date "2021.08.29"]
[Round "8.3"]
[White "Nanjo, Ryosuke"]
[Black "Kwon, Sehyun"]
[Result "1-0"]
[WhiteElo "2338"]
[BlackElo "2195"]
[PlyCount "77"]
[EventDate "2021.08.27"]
[EventType "team-tourn (rapid)"]
[EventRounds "9"]
[EventCountry "USA"]
[SourceTitle "CBM 204 Extra"]
[Source "ChessBase"]
[SourceDate "2021.11.30"]
[SourceVersion "1"]
[SourceVersionDate "2021.11.30"]
[SourceQuality "1"]
[WhiteTeam "Japan"]
[BlackTeam "South Korea"]
[WhiteTeamCountry "JPN"]
[BlackTeamCountry "KOR"]

1. e4 c6 2. d4 d5 3. e5 c5 4. dxc5 e6 5. a3 Nc6 6. Nf3 Bxc5 7. b4 Bb6 8. Bd3 Nge7 9. 0-0 Ng6 10. Re1 f6 11. Bb2 Ngxe5 12. Nxe5 Nxe5 13. Bxe5 fxe5 14. Qh5+ Kf8 15. Qxe5 Qf6 16. Qxf6+ gxf6 17. c4 Bd4 18. Ra2 dxc4 19. Bxc4 e5 20. Bd5 Rb8 21. Rc2 Ke7 22. Nd2 Bf5 23. Ne4 Bb6 24. Rc3 Bg6 25. Nc5 Rhd8 26. Bf3 Bxc5 27. bxc5 Rdc8 28. h4 h6 29. Bg4 Rc7 30. f4 b6 31. c6 Be8 32. fxe5 fxe5 33. Rxe5+ Kd6 34. Re6+ Kd5 35. Rxh6 Ke5 36. Re6+ Kd4 37. Rc1 Bf7 38. Rd6+ Ke5 39. Rd7 1-0